Piosenki Hoziera A-Z - Statystyki

Ogólne statystyki
  • Ten quiz został rozwiązany 7 razy
  • Średni wynik to 7 z 17
Statystyki odpowiedzi
Letter Odpowiedź % Poprawnych
T Take Me To Church | To Be Alone | To Noise Making | Talk | Through Me | That You Are | Too Sweet | To Someone From A Warm Climate
100%
A Angel of Small Death & The Codeine Scene | Arsonist's Lullabye | Almost | As It Was | All Things End | Anything But | Abstract
75%
F From Eden | Foreigner's Gold | Fare Well | First Time | Francesca | First Light
75%
W Work Song | Would That I | Wasteland, Baby | Why Would You Be Loved | Wildflower And Barley | Who We Are
75%
B Be | Butchered Tongue
50%
J Jackie And Wilson | July
50%
L Like Real People Do
50%
M My Love Will Never Die | Moment's Silence | Movement
50%
N Nina Cried Power | NFWMB | No Plan | Nobody | Nobody's Solider
50%
S Someone New | Sedated | Shrike | Sunlight | Swan Upon Leda | Son Of Nyx
50%
I In A Week | It Will Come Back | In The Woods Somewhere | I, Carrion
25%
U Unknown
25%
C Cherry Wine
0%
D Dinner & Diatribes | De Selby | Damage Gets Done
0%
E Eat Your Young | Empire Now
0%
H Hymn To Virgil
0%
R Run
0%
Nie znaleziono quizów pasujących do podanych kryteriów
Rozkład punktacji
Procent ludzi z każdym wynikiem
Percentyl według liczby udzielonych odpowiedzi
Twoja historia wyników
Nie rozwiązałeś tego quizu